000 01085nam a22003490a 4500
001 PT22888
003 AR-LpoUNG
005 20210131233120.0
008 191001s2005||||ag |||||||||||||||||spa d
020 _a9879125614
_c$8.2
040 _aAR-LpoUNG
_bspa
_cAR-LpoUNG
_eaacr
041 _aspa
044 _aag
082 0 _a982.064 854mat
100 1 _aAstiz Mones Ruiz, Eduardo
245 1 0 _aLo que mata de las balas es la velocidad :
_buna historia de la contraofensiva montonera de 1979
250 _a1§ ed.
260 _aLa Plata :
_bDe la Campana,
_c2005.
300 _a318 p. :
_bil.
520 _aRelato autobiográfico de un guerrillero montonero por más de diez años, que fue asistente del Comandante Raúl Yäger, Roque, número tres en la estructura montonera.
650 4 _aANALISIS HISTORICO
650 4 _aARGENTINA
650 4 _aDICTADURA
650 4 _aGOBIERNO MILITAR
650 4 _aGUERRILLEROS
650 4 _aMOVIMIENTOS SOCIALES
650 4 _aTERRORISMO
651 4 _aArgentina
653 _aMONTONEROS
905 _a22888
942 _cLIB
999 _c19248
_d19248